000 00730nam a2200289Ia 4500
005 20260324135420.0
008 008 260324s9999 xx 000 0 eng d
020 _a9780203903353
037 _aEBOOK
040 _aCRL
040 _beng
040 _cCRL
041 _2eng
041 _aeng
084 _qCRL
100 _aMatthew S. McMullen; Bob Donnorummo; James E. Mauch
_91200528
245 4 _aThe Emerging Markets and Higher Education
245 0 _bDevelopment and Sustainability
260 _bTaylor and Francis
260 _c2000
365 _a
365 _b67.99
856 _uhttp://www.taylorfrancis.com/books/9780203903353
942 _cEBOOK
999 _c1801555
_d1801555